Математическое моделирование и оптимизация контактных процессов: библиографический указатель (1976-1977)

ग्रंथसूची विवरण
मुख्य लेखक: Козлова М. Г.
निगमित लेखक: Академия наук СССР (АН СССР) Сибирское отделение (СО) Институт катализа им. Г. К. Борескова (ИК)
अन्य लेखक: Шеплев В. С. (редактор)
सारांश:Исключено из фонда НТБ ТПУ
भाषा:रूसी
प्रकाशित: Новосибирск, 1983
स्वरूप: पुस्तक
KOHA link:https://koha.lib.tpu.ru/cgi-bin/koha/opac-detail.pl?biblionumber=103058

MARC

LEADER 00000nam0a2200000 4500
001 103058
005 20231031113230.0
035 |a (RuTPU)RU\TPU\book\111115 
035 |a RU\TPU\book\111114 
090 |a 103058 
100 |a 20061011d1983 km y0rusy50 ca 
101 0 |a rus 
102 |a RU 
105 |a y a 001zy 
200 1 |a Математическое моделирование и оптимизация контактных процессов  |e библиографический указатель (1976-1977)  |f М. Г. Козлова  |g Академия наук СССР (АН СССР), Сибирское отделение (СО), Институт катализа им. Г. К. Борескова (ИК) ; под ред. В. С. Шеплева 
210 |a Новосибирск  |d 1983 
215 |a 184 с. 
333 |a Исключено из фонда НТБ ТПУ 
700 1 |a Козлова  |b М. Г. 
702 1 |a Шеплев  |b В. С.  |4 340 
712 0 2 |a Академия наук СССР (АН СССР)  |b Сибирское отделение (СО)  |b Институт катализа им. Г. К. Борескова (ИК)  |c (Новосибирск) 
801 1 |a RU  |b 63413507  |c 20061011  |g PSBO 
801 2 |a RU  |b 63413507  |c 20210115  |g PSBO 
942 |c BK